01883nam a2200277 i 4500003000900000005001700009007000300026008003800029020001800067040003000085041000800115082002400123100006900147245013600216250002300352264007200375300005400447336002700501337003300528338002800561500004600589500003600635500010700671504003600778505079100814DO-SdBNP20250616110620.0ta100322s2019 dr c 000 0 spa d a9789945804201 aDO-SdBNPbspacBNPHUerda aspa 4axxxbM516a 20192221 aRosario, Reinaeautor4aut.qRosario Fernández, Reina Cristina10aAportes de Abigaíl Mejía a la historiografía dominicana :buna feminista volando alto con las alas de Clío /cReina Rosario aSegunda edición  4aSanto Domingo, República Dominicana :bCocolo Editorial,c©2019. a129 páginas :bilustraciones retratos ;c23 cm. atextobtxt2rdacontent asin mediaciónbn2rdamedia avolumenbnc2rdacarrier aIncluye datos biográficos de la autora. aIncluye notas a pie de paginas. aDiscurso de Ingreso como miembro correspondiente nacional de la Academia Dominicana de la Historia. aBibliografía : paginas 98-100 aGratitud, 11. -- Presentación, 13 -- Para empezar, 19.-- Exordio, 23.-- Aportes de Abigaíl Mejía a la historiografía dominicana, 30.-- Abigaíl Mejía: patriota, escritora y educadora, 30.-- Abigaíl Mejía: patriota, 37.-- Abigaíl Mejía: escritora, 40.-- Abigaíl Mejía: educadora, 41.-- Impronta de Abigaíl Mejía como pionera del feminismo dominicano, 44.-- Abigaíl volando alto con las alas de Clío, 85.-- La biografía del Padre Meriño escrita por Abigaíl Mejía, 61.-- Abigaíl Mejía, miembro de número del Instituto de Investigaciones Históricas, Silla S, 85.-- El Instituto de Investigaciones Históricas, 90.-- A modo de conclusión, 96.-- Bibliografía, 98.-- Datos biográficos de Reina Cristina Rosario Fernández, 101. -- Anexos.